00629cam a22002411 4500001001300000003000400013005001700017008004100034010001700075035002000092040001800112042001200130043001200142050001700154100002900171245005500200260001100255300003700266500001500303650001500318650003700333999001700370sa 68006169 DLC20260227112514.0890420s1967 xx 000 0 hino  asa 68006169  a(OCoLC)23547302 aDLCcMiUdDLC apremarc aa-pk---00aHD37.B4bB471 aBhattacharjee, Durgadas.10aKārabārera byabasthāpanā o paricālanā. c[1967] a2, 11, 4, 568 p.billus.c22 cm. aRomanized. 0aManagement 0aIndustrial managementzPakistan. c81140d81140